Échelle de mots : De la France à la Lune - Statistiques

Statistiques générales
  • Ce quiz a été pris 239 fois
  • Le résultat moyen est 25 sur 36
Statistiques - réponses
Hint Réponse % Correct
Pays de la Tour Eiffel France
100%
Plisse les sourcils Fronce
94%
Branche épineuse Ronce
86%
Adjectif qualifiant la Terre (Retirer une lettre) Ronde
86%
Fleur de l'amour Rose
86%
Satellite terrestre Lune
84%
Nettoie à l'eau Rince
82%
Montagne de sable (Ajouter une lettre) Dune
81%
Peu épais Mince
81%
Explosif posé au sol (Retirer une lettre) Mine
81%
Se coupe la barbe (Retirer une lettre) Rase
81%
Première page du journal Une
81%
Arme médiévale Fronde
80%
Assaisonné Salé
79%
Pays africain Mali
73%
S'ajoute au salaire (Ajouter une lettre) Prime
72%
Peintre espagnol Dali
71%
Individu masculin Mâle
71%
Jeu de poète Rime
71%
Poisson plat Sole
71%
Plus très propre Sali
69%
Équidé à grandes oreilles (Retirer une lettre) Âne
68%
Clôture végétale Haie
67%
Personnage théâtral Rôle
67%
Ville jumelée à Paris Rome
67%
Tondue Rasée
66%
Maline Rusée
61%
Marceau est le plus célèbre Mime
59%
Édith Piaf Môme
57%
Reliée au réseau électrique Prise
56%
Haut de cuisse (Retirer une lettre) Aine
52%
Bronzé Hâlé
52%
Très demandée (Ajouter une lettre) Prisée
52%
Se fait moquer (Retirer une lettre) Risée
52%
Aversion profonde (Ajouter une lettre) Haine
51%
Femelle du lièvre Hase
44%
Aucun quiz correspondant
Distribution des résultats
% des personnes avec chaque résultat
Percentile par nombre de réponses
Votre historique - résultats
Vous n’avez pas pris ce quiz